MARC details
| 000 -LEADER |
| campo de control de longitud fija |
01127nam a22002897a 4500 |
| 001 - NÚMERO DE CONTROL |
| campo de control |
003767 |
| 003 - IDENTIFICADOR DE NÚMERO DE CONTROL |
| campo de control |
CoMeUDC003767 |
| 005 - FECHA Y HORA DE LA ÚLTIMA TRANSACCIÓN |
| campo de control |
20181217222534.0 |
| 008 - DATOS DE LONGITUD FIJA--INFORMACIÓN GENERAL |
| campo de control de longitud fija |
120301s2011 ck gr 000 0dspa d |
| 015 ## - NÚMERO DE BIBLIOGRAFÍA NACIONAL |
| Número de bibliografía nacional |
ck-2011-xxxx |
| 020 ## - NÚMERO INTERNACIONAL ESTÁNDAR DEL LIBRO |
| Número Internacional Estándar del Libro |
9789587310702 |
| 040 ## - FUENTE DE CATALOGACIÓN |
| Centro catalogador/agencia de origen |
CO-BoBLA |
| Lengua de catalogación |
spa |
| Centro/agencia transcriptor |
CoMeUDC |
| 041 0# - CÓDIGO DE IDIOMA |
| Código de lengua del texto/banda sonora o título independiente |
spa |
| 043 ## - CÓDIGO DE ÁREA GEOGRÁFICA |
| Código de área geográfica |
s-ck--- |
| 082 04 - NÚMERO DE LA CLASIFICACIÓN DECIMAL DEWEY |
| Número de clasificación |
346 |
| Número de ítem |
M473 |
| Información de edición |
21 |
| 245 00 - MENCIÓN DEL TÍTULO |
| Título |
De la responsabilidad civil y comercial : |
| Resto del título |
incidencias, en lo mercantil, de los cambios en la legislación civil y reflexiones sobre las SAS. / |
| 260 ## - PUBLICACIÓN, DISTRIBUCIÓN, ETC. |
| Lugar de publicación, distribución, etc. |
Medellín : |
| Nombre del editor, distribuidor, etc. |
Colegios de Abogados de Medellín : |
| -- |
Cámara de Comercio de Medellín ; |
| Lugar de publicación, distribución, etc. |
Bogotá : |
| Nombre del editor, distribuidor, etc. |
Universidad Externado de Colombia : |
| -- |
Biblioteca Jurídica Dike, |
| Fecha de publicación, distribución, etc. |
2011. |
| 300 ## - DESCRIPCIÓN FÍSICA |
| Extensión |
227 p ; |
| Dimensiones |
24 cm. |
| 490 ## - MENCIÓN DE SERIE |
| Mención de serie |
Biblioteca jurídica Dike. Justicia en griego |
| 504 ## - NOTA DE BIBLIOGRAFÍA, ETC. |
| Nota de bibliografía, etc. Nota |
Incluye bibliografías. |
| 650 #4 - PUNTO DE ACCESO ADICIONAL DE MATERIA--TÉRMINO DE MATERIA |
| Término de materia o nombre geográfico como elemento de entrada |
Sociedad por acciones simplificadas |
| Subdivisión geográfica |
Colombia. |
| 650 ## - PUNTO DE ACCESO ADICIONAL DE MATERIA--TÉRMINO DE MATERIA |
| Término de materia o nombre geográfico como elemento de entrada |
Responsabilidad civil |
| Subdivisión geográfica |
Colombia. |
| 650 ## - PUNTO DE ACCESO ADICIONAL DE MATERIA--TÉRMINO DE MATERIA |
| Término de materia o nombre geográfico como elemento de entrada |
Derecho comercial |
| Subdivisión geográfica |
Colombia. |
| 650 #4 - PUNTO DE ACCESO ADICIONAL DE MATERIA--TÉRMINO DE MATERIA |
| Término de materia o nombre geográfico como elemento de entrada |
Sociedad por acciones simplificadas |
| Subdivisión general |
Legislación |
| Subdivisión geográfica |
Colombia. |
| 942 ## - ELEMENTOS DE ENTRADA SECUNDARIOS (KOHA) |
| Fuente del sistema de clasificación o colocación |
Clasificación Decimal Dewey |
| Tipo de ítem Koha |
Libros |
| 949 ## - PROCESAMIENTO DE INFORMACIÓN LOCAL (OCLC) |
| a |
n |
| b |
n |